000 00412nam a2200133Ia 4500
008 100328s9999 xx 000 0 und d
082 _b62149
100 _aगोवंडे श्रीकांत.
245 _aफंचू फाकड्या.
260 _bदिलीपराज.
630 _aफंचू फाकड्या.
730 _aफंचू फाकड्या.
942 _cBOOK
999 _c548167
_d548164